Crítica de literatura y arte. Filosofia (Record no. 7733)

MARC details
000 -LEADER
campo de control de longitud fija 00371nam a2200145Ia 4500
001 - NÚMERO DE CONTROL
campo de control 628
008 - DATOS DE LONGITUD FIJA--INFORMACIÓN GENERAL
campo de control de longitud fija 241024s9999 xx 000 0 und d
020 ## - NÚMERO INTERNACIONAL ESTÁNDAR DEL LIBRO
Número Internacional Estándar del Libro 978-9945-45713-1
082 ## - NÚMERO DE LA CLASIFICACIÓN DECIMAL DEWEY
Número de clasificación RD/864.44/C691c
100 ## - ENTRADA PRINCIPAL--NOMBRE DE PERSONA
Nombre de persona [*SIN AUTOR*]
245 #0 - MENCIÓN DEL TÍTULO
Título Crítica de literatura y arte. Filosofia
260 ## - PUBLICACIÓN, DISTRIBUCIÓN, ETC.
Nombre del editor, distribuidor, etc. Santo Domingo
Fecha de publicación, distribución, etc. 2009
901 ## - ELEMENTOS DE DATOS A LOCAL LDA (RLIN)
a 23/11/2010 9:17:37 a.m.

No items available.

© 2024. Todos los Derechos Reservados. Desarrollado por IDEICE